Economic Survey of Europe in 2000/1 (Record no. 5595)

MARC details
000 -LEADER
fixed length control field 00492nam a22001937i 4500
001 - CONTROL NUMBER
control field 5879
003 - CONTROL NUMBER IDENTIFIER
control field OSt
005 - DATE AND TIME OF LATEST TRANSACTION
control field 20170126082350.0
007 - PHYSICAL DESCRIPTION FIXED FIELD--GENERAL INFORMATION
fixed length control field tu
008 - FIXED-LENGTH DATA ELEMENTS--GENERAL INFORMATION
fixed length control field 161220s2000 xxu||||| |||| 00| 0 d
022 ## - INTERNATIONAL STANDARD SERIAL NUMBER
International Standard Serial Number 0070-8712
024 7# - OTHER STANDARD IDENTIFIER
Standard number or code 5879
Source of number or code RID
024 7# - OTHER STANDARD IDENTIFIER
Standard number or code 5879
Source of number or code RSN (alt)
040 ## - CATALOGING SOURCE
Transcribing agency OSt
110 2# - MAIN ENTRY--CORPORATE NAME
Corporate name or jurisdiction name as entry element Economic Commission for Europe
245 00 - TITLE STATEMENT
Title Economic Survey of Europe in 2000/1
260 ## - PUBLICATION, DISTRIBUTION, ETC.
Place of publication, distribution, etc. New York, Genf :
Name of publisher, distributor, etc. United Nations Publications,
Date of publication, distribution, etc. 2000.
490 ## - SERIES STATEMENT
Series statement Economic Survey of Europe
Volume/sequential designation 1
942 ## - ADDED ENTRY ELEMENTS (KOHA)
Koha item type Book
Holdings
Withdrawn status Lost status Damaged status Not for loan Home library Current library Shelving location Date acquired Inventory number Total Checkouts Barcode Date last seen Price effective from Koha item type
        WIIW WIIW Library 08/04/2004 5879   10001287 01/26/2017 01/26/2017 Book
The Vienna Instiute for International Economic Studies (wiiw)